000 00775ngm a22002650a 4500
001 PT19583
003 AR-LpoUNG
005 20210202000321.0
007 vd cvaizq
008 191001s2004||||ag |||||||||||||||||eng d
037 _c$16.65
040 _aAR-LpoUNG
_bspa
_cAR-LpoUNG
_eaacr
041 _aeng
_aspa
044 _aag
082 0 _a827 791v2
245 1 0 _aMonty Python flying circus
260 _aBuenos Aires :
_bRenacimiento Nuevo Siglo,
_c2004.
300 _aVHS (150 min.) : son., col.
520 _aEste video representa la aparición del grupo Monty Pynthon como tal. Revolucionaron el mundo de la comedia a partir de 1960.
653 _aCOMEDIA
653 _aVIDEOS
710 2 _aMonty Python (grupo teatral)
905 _a19583
942 _cVIDEO
999 _c54606
_d54606